LEADER 01607nam 2200529 450 001 996247851703316 005 20210122231645.0 010 $a1-5416-9791-X 010 $a0-465-09499-6 035 $a(CKB)1000000000548081 035 $a(dli)HEB01654 035 $a(SSID)ssj0000084303 035 $a(PQKBManifestationID)11112754 035 $a(PQKBTitleCode)TC0000084303 035 $a(PQKBWorkID)10163579 035 $a(PQKB)10794360 035 $a(MiAaPQ)EBC5368925 035 $a(EXLCZ)991000000000548081 100 $a20180607d1988 uy 0 101 0 $aeng 135 $aurmnummmmuuuu 181 $ctxt 182 $cc 183 $acr 200 10$aHomeward bound $eAmerican families in the Cold War era /$fElaine Tyler May 210 1$aNew York, New York :$cBasic Books,$d1988. 215 $a1 online resource (xi, 284 p. )$cill. ; 300 $aBibliographic Level Mode of Issuance: Monograph 311 $a0-465-03055-6 311 $a0-465-03054-8 320 $aIncludes bibliographical references and index. 410 0$aACLS Humanities E-Book. 606 $aFamilies$zUnited States$xHistory$y20th century 606 $aBaby boom generation$zUnited States 607 $aUnited States$xSocial conditions$y1945- 608 $aElectronic books. 615 0$aFamilies$xHistory 615 0$aBaby boom generation 676 $a306.8/5/0973 700 $aMay$b Elaine Tyler$0984831 801 0$bMiAaPQ 801 1$bMiAaPQ 801 2$bMiAaPQ 906 $aBOOK 912 $a996247851703316 996 $aHomeward bound$92250361 997 $aUNISA